000 00496nam a2200181Ia 4500
005 20250508153758.0
008 008 250505s9999 xx 000 0 eng d
037 _aTextual
040 _aFEDL
_beng
_cFEDL
041 _aeng
_2eng
084 _a420.7, WYL
_qFEDL
100 _aWyld Henry Cecil
245 0 _aTeaching of reading in training colleges
260 _aLondon, UK
_bJohn Murray
_c1924
300 _axiv,114p
942 _cTEXL
_h420.7, WYL
999 _c1345446
_d1345446